000 01166nam a2200313Ia 4500
001 ebr10623092
003 CaPaEBR
006 m u
007 cr cn|||||||||
008 121124s2012 enka s 001 0 eng d
020 _z9781849686471
020 _z9781849686464
040 _aCaPaEBR
_cCaPaEBR
035 _a(OCoLC)818818960
050 1 4 _aQA76.9.D3
_bS35 2012eb
082 0 4 _a005.7585
_222
100 1 _aSantos, Donabel.
245 1 0 _aSQL server 2012 with PowerShell V3 cookbook
_h[electronic resource] /
_cDonabel Santos.
260 _aBirmingham, [Eng.] :
_bPackt Publishing,
_c2012.
300 _a615 p. :
_bill.
500 _aIncludes index.
533 _aElectronic reproduction.
_bPalo Alto, Calif. :
_cebrary,
_d2011.
_nAvailable via World Wide Web.
_nAccess may be limited to ebrary affiliated libraries.
630 0 0 _aSQL server.
650 0 _aDatabase management.
650 0 _aWindows PowerShell (Computer program language)
655 7 _aElectronic books.
_2local
710 2 _aebrary, Inc.
856 4 0 _uhttp://site.ebrary.com/lib/rucke/Doc?id=10623092
_zAn electronic book accessible through the World Wide Web; click to view
999 _c158211
_d158211